000 00525nam a22001937a 4500
005 20190809153406.0
008 190809b xxu||||| |||| 00| 0 eng d
020 _a9789388014410
_cRs.600.00
040 _aLoreto College
041 _aEnglish
082 _a891.443
_bDAS
245 _aSekaler goenda galpo
_cEdited by Arindam Dasgupta
260 _aCalcutta
_bAnanda Publishers
_c2019
300 _a570p
_b22cm
650 _aFiction-Bengali-Detective
700 _4ed.
_aDasgupta,Arindam
850 _aLCLIB
942 _cBK
999 _c42336
_d92815